INVESTMENT ANALYSIS AND PORTFOLIO MANAGE (Record no. 31792)
[ view plain ]
| 000 -LEADER | |
|---|---|
| fixed length control field | 00352nam a2200133Ia 4500 |
| 008 - FIXED-LENGTH DATA ELEMENTS--GENERAL INFORMATION | |
| fixed length control field | 240624s9999 xx 000 0 und d |
| 041 ## - LANGUAGE CODE | |
| Language code of text/sound track or separate title | eng |
| 082 ## - DEWEY DECIMAL CLASSIFICATION NUMBER | |
| Classification number | 332.6 CHA |
| 100 ## - MAIN ENTRY--PERSONAL NAME | |
| Personal name | CHANDRA PRASANNA |
| 245 ## - TITLE STATEMENT | |
| Title | INVESTMENT ANALYSIS AND PORTFOLIO MANAGE |
| 250 ## - EDITION STATEMENT | |
| Edition statement | (5th ed.) |
| 260 ## - PUBLICATION, DISTRIBUTION, ETC. | |
| Date of publication, distribution, etc. | 2018 |
| Place of publication, distribution, etc. | New Delhi |
| Name of publisher, distributor, etc. | McGraw-Hill |
| 300 ## - PHYSICAL DESCRIPTION | |
| Extent | xxv, 758 p.; 23 cm. |
| Withdrawn status | Lost status | Damaged status | Not for loan | Home library | Current library | Shelving location | Date acquired | Total Checkouts | Full call number | Barcode | Date last seen | Date last checked out | Price effective from | Koha item type |
|---|---|---|---|---|---|---|---|---|---|---|---|---|---|---|
| IMTN | IMTN | Rack 7-B | 05/15/2019 | 1 | 332.6 CHA | 31792 | 07/29/2024 | 07/21/2024 | 06/24/2024 | Books |